Biblioteca

Cómo enseñar la Biblia con creatividad / Barry Shafer ; traducido por Howard Andruejol (Registro nro. 39507)

Detalles MARC
000 -LÍDER
Campo fijo de descripción fija 011580000a22002170004500
001 - NÚMERO DE CONTROL
Campo de control 9539
020 ## - NÚMERO INTERNACIONAL NORMALIZADO PARA LIBROS
Número Internacional Normalizado del libro 978-0-8297-5973-0
082 04 - NÚMERO DE CLASIFICACIÓN DECIMAL DEWEY
Número de clasificación G 268.433 S5251c
100 1# - ASIENTO PRINCIPAL--NOMBRE PERSONAL
Nombre personal Shafer, Barry
245 10 - TÍTULO
Título del Material Cómo enseñar la Biblia con creatividad / Barry Shafer ; traducido por Howard Andruejol
260 ## - PUBLICACIÓN, DISTRIBUCIÓN, ETC. (PIE DE IMPRENTA)
Lugar de publicación, distribución, etc. Miami, Fl. : Vida
300 ## - DESCRIPCIÓN FÍSICA
Extensión 303 p.
336 ## - CONTENT TYPE
Content type term texto
Content type code txt
Source rdacontent
337 ## - MEDIA TYPE
Source rdamedia
Media type term sin mediación
Media type code n
338 ## - CARRIER TYPE
Source rdacarrier
Carrier type term volumen
Carrier type code nc
500 ## - NOTA GENERAL
Nota General Título original en inglés: Unleashing God's word in youth ministry
501 ## - NOTA DE “CON”
Nota de Contenido rústico
505 00 - NOTA DE CONTENIDO
Nota de contenido con formato preestablecido La búsqueda que Dios hace de nosotros -- Lo que ignoras puede lastimarte -- Abordar la Palabra de un modo periférico -- ¿Es la B-I-B-L-I-A un libro para el ministerio juvenil? -- Nuestra búsqueda -- Enséñame a la manera de Jesús -- Herramientas para la búsqueda -- Provocar el deseo de profundidad en los jóvenes -- Todo esta en griego (o hebreo) para mí -- ¿Dónde estas tu en la palabra?
650 14 - ASIENTO SECUNDARIO DE MATERIA - TERMINO TEMÁTICO
Término temático o nombre geográfico como elemento de entrada EDUCACION CRISTIANA DE JOVENES \ TRABAJO SOCIAL CON JOVENES \ EDUCACION CRISTIANA DE JOVENES - ENSEÑANZA BIBLICA \ JUVENTUD - VIDA RELIGIOSA
942 ## - TIPO DE MATERIAL (KOHA)
Tipo de Item KOHA Libros General
Existencias
Estado de Material Estado de Perdido Estado de Dañado No para Préstamo Colección Tomo Biblioteca de Origen Biblioteca Permanente Fecha de Adquisición Total de Préstamos Total de Renovaciones Signatura Topográfica Código de Barras Última vez visto Última vez Préstado Ejemplar/Existencia Fecha de Remplazo Tipo de Material
        Colección General   Biblioteca FUSBC Biblioteca FUSBC 23/07/2013 4 3 G 268.433 S5251c 17677 24/02/2020 13/02/2020 1 26/01/2016 Libros General

Biblioteca FUSBC | Teléfono: (57+4) 349 88 10 Ext. 141| WhatsApp (+57) 3005338115 
E-mail: biblioteca@unisbc.edu.co | Calle 76 87-14 Robledo Palenque, Medellín, Colombia

Con tecnología Koha